|
|
|
|
| LEADER |
00997pam a22002898a 4500 |
| 001 |
00025959 |
| 005 |
20171026081023.0 |
| 008 |
110812s1997 |||||| sd |
| 020 |
0 |
# |
|a 0 19 433810 X
|
| 082 |
1 |
4 |
|a 428
|b L301
|
| 100 |
1 |
# |
|a Hutchinson, Tom
|
| 245 |
1 |
0 |
|a Lifelines
|b intermediate workbook
|c Tom Hutchinson
|
| 260 |
# |
# |
|b Oxford University Press
|c 1997
|a Oxford
|
| 300 |
# |
# |
|a 96 p.
|b ill.
|c 27 cm.
|
| 650 |
# |
4 |
|a Bài tập
|
| 650 |
# |
4 |
|a Giáo trình
|
| 650 |
# |
4 |
|a Tiếng anh
|
| 650 |
# |
4 |
|a Kỹ năng đọc
|
| 650 |
# |
4 |
|a Kỹ năng nói
|
| 650 |
# |
4 |
|a Kỹ năng nghe hiểu
|
| 852 |
# |
# |
|j KGT.0027965
|j KGT.0033940
|j KGT.0033941
|j KD.0023477
|
| 852 |
# |
# |
|b Kho mượn
|j KGT.0027965
|
| 852 |
# |
# |
|b Kho giáo trình
|j KGT.0027967, KGT.0027968, KGT.0027969, KGT.0027970, KGT.0027971, KGT.0027972, KGT.0027973, KGT.0027974, KGT.0033318
|
| 910 |
0 |
# |
|d 12/08/2011
|
| 980 |
# |
# |
|a Trung tâm Học liệu Lê Vũ Hùng, Trường Đại học Đồng Tháp
|